1345 1415 1556 1185 1640 1566 1092 1958 1770 1269 1200 1807 1316 1663 1039 1564 1751 1099 1772 1028 1588 1863 1068 1655 1871 1081 1142 1537 1700 1157 1623 1124 1701 1680 1509 1886 1303 1776 1568 1211 1354 1510 1181 1956 1248 1621 1835 1245 1969 1008 1633 1574 1642 1308 1781 1649 1812 1632 1207 1875 1700 1327 1241 1069 1497 1688 1972 1065 1613 1823 1893 1529 1632 1698 1748 1295 1068 1981 1195 1520 1127 1821 1471 1712 1259 1477 1007 1856 1165 1478 1126 1360 1396 1505 1390 1283 1233 1616 1990 BCNSPRNW ULIB Ver.6.0+V

เปลี่ยนเป็นภาษาไทย

Change to English
 แสดงรายละเอียดบรรณานุกรม
  กลับหน้าหลัก

Brief Record : Get Marc (ISO 2709) : E-mail record : QR code < ปิดหน้าต่าง
LEADER : 00000nam 2200000uu 4500
001    13399111872
003     ULIB
008    110711s2543||||th 000 0 tha d
020    9789744840363
020    9744840366
050  4 DS589.ป214^bส323ร 2543
100 0  สรศัลย์ แพ่งสภา
245 10 ราตรีประดับดาวที่หัวหิน /^cสรศัลย์ แพ่งสภา
260    กรุงเทพฯ :^bสารคดี,^c2543
300    232 หน้า :^bภาพประกอบ ;^c21 ซม.
600 07 ปกเกล้าเจ้าอยู่หัว,^cพระบาทสมเด็จพระ,^d2436-2484
651  7 หัวหิน (ประจวบคีรีขันธ์)^xภูมิประเทศและการท่องเที่ยว
653    Open Your Eyes Project
945    ^p190^l0^i015990
995    ทศพร
999 ^a ใช้งานได้ทุกระบบ
รายการนี้ยังไม่มีแท็ก
คุณยังไม่ได้ล็อกอิน คุณสามารถมีกิจกรรมร่วมกับเว็บไซต์ได้ แต่ต้องล็อกอินก่อน ::
  ล็อกอิน

รายการสื่อสารสนเทศ

ลำดับที่ ประเภท เลขเรียก/บาร์โค้ด สถานที่ สถานะ
- ไม่พบข้อมูล -

รายการใกล้เคียง
    ผู้แต่ง [สรศัลย์ แพ่งสภา]

BibComment


ยังไม่เคยถูกคอมเมนท์

คอมเมนท์ทรัพยากรรายการนี้
  คอมเมนท์: ราตรีประดับดาวที่..


 Copyright 2026. Bcnsprnw @Library